Recomendaciones sobre biodiversidad a la guía de manejo ambiental para el subsector producción primaria del cultivo de caucho natural (Registro nro. 6560)

Detalles MARC
000 -CABECERA
Campo de control 01510nam a2200253 a 4500
005 - FECHA Y HORA DE LA ULTIMA TRANSACCION
Campo de control 20141223150947.0
008 - ELEMENTOS DE LONGITUD FIJA—INFORMACION GENERAL
Campo de control 140129b2006 ck ||||| |||| 00| 0 spa d
040 ## - FUENTE DE CATALOGACIÓN
Agencia transcriptora CO-BoIH
041 ## - IDIOMA
Código de idioma para texto/pista de sonido o título separado Español
044 ## - PAÍS DE PUBLICACIÓN
País de publicación Colombia
090 ## - CLASIFICACIÓN LOCAL
Colección IAVH
Consecutivo 01034
100 ## - ASIENTO PRINCIPAL--NOMBRE PERSONAL
Nombre personal Rincón B., Sofía A.
245 ## - MENCION DE TITULO
Título Recomendaciones sobre biodiversidad a la guía de manejo ambiental para el subsector producción primaria del cultivo de caucho natural
260 ## - PUBLICACION, DISTRIBUCION, ETC. (PIE DE IMPRENTA)
Lugar de publicación, distribución, etc. Bogotá
Nombre del editor, distribuidor, etc. Instituto Alexander von Humboldt
Fecha de publicación, distribución, etc. 2006
300 ## - DESCRIPCION FISICA
Extensión 16 p.
520 ## - NOTA DE RESUMEN, ETC.
Nota de resumen Prevee algunas recomendaciones y lineamientos orientadores guía para prevenir, mitigar y compensar los impactos negativos sobre biodiversidad causados por las actividades del subsector del cultivo del caucho; presenta temáticas frente al ordenamiento ambiental, alternativas productivas (sistemas agroforestales, diversificación de especies vegetales , implementación de las metodologías de labranza mínima y manejo físico - mecánico, abonos verdes y uso racional de fertilizantes químicos, manejo ecológico y manejo integrado de plagas, control biológico y corredores biológicos) y adopción de medidas de prevención, mitigación y compensación de los impactos a generar con el establecimiento de infraestructura
650 ## - ASIENTO SECUNDARIO DE MATERIA - TERMINO TEMATICO
Término temático o nombre geográfico como elemento de entrada Caucho natural
650 ## - ASIENTO SECUNDARIO DE MATERIA - TERMINO TEMATICO
Término temático o nombre geográfico como elemento de entrada Lineamientos
650 ## - ASIENTO SECUNDARIO DE MATERIA - TERMINO TEMATICO
Término temático o nombre geográfico como elemento de entrada Manejo ambiental
650 ## - ASIENTO SECUNDARIO DE MATERIA - TERMINO TEMATICO
Término temático o nombre geográfico como elemento de entrada Ordenamiento ambiental
650 ## - ASIENTO SECUNDARIO DE MATERIA - TERMINO TEMATICO
Término temático o nombre geográfico como elemento de entrada Alternativas productivas
942 ## - ELEMENTOS ADICIONALES (KOHA)
Tipo de ítem Informe Técnico
Sistema de clasificación Local
945 ## - PROCESAMIENTO LOCAL
AAAA-MM-DD - Fecha de ingreso o modificacion 2008-09-09
Existencias
Withdrawn status Lost status Sistema de Clasificación Damaged status No para préstamo Colección Inventariado Ubicación Permanente Ubicación actual Fecha de adquisición Total Checkouts Número topográfico Inventario / Código de Barras Date last seen Ejemplar Price effective from Forma de adquisición Tipo de material
    Local     Humboldt Inventariado 2017 Bogotá Bogotá 09/09/2008   IAVH-01034 026378 09/08/2024 Ej. 1 04/12/2012   Informe Técnico